01559 a2200181 45000010006000000050017000060080041000230030015000640400040000790800052001192450036001710200018002072640044002253000024002695051046002930410008013391000030013476005720260407155852.0260407a1985 arg spa dAR-UNSa-BCEJYS aAR-UNSa-BCEJYSbspacAR-UNSa-BCEJYS a342xDerecho constitucional (Derecho Público)10aCurso de derecho constitucional a950-14-0295-9 1aBuenos Aires :bEdiciones Depalmac1985 axiv, 354 p.c23 cm. a1. El concepto de constitución - 2. Tipología y clasificación de las constituciones – 3. Los principios constitucionales. Los principios de supremacía y de control de constitucionalidad – 4. Los principios constitucionales (continuación). Los principios de limitación y razonabilidad – 5. Los principios constitucionales (conclusión). Los principios de funcionalidad y de estabilidad constitucional – 6. Normas y actos constitucionales. La interpretación constitucional – 7. Los derechos constitucionales. Los derechos públicos subjetivos de la sociedad frente al estado – 8. Los derechos civiles en la constitución del estado – 9. La estructura orgánica de funcionamiento del estado – 10. Las atribuciones exclusivas del estado federal – 11. La provincia Argentina y sus atribuciones constitucionales – 12. El poder Legislativo – 13. El poder Ejecutivo – 14. El poder Judicial – 15. La realidad constitucional al margen de la vigencia de su estructura normativa. Los gobiernos de “facto”  aspa1 aQuiroga Lavié, Humberto